01743 2200217 4500001002100000005001500021035002000036001002100056005001500077035002000092245006900112100001700181250001700198300003600215260003400251082001000285084001600295020002200311650002400333520116800357INLIS00000000000105020250430090355 a0010-0425000045INLIS00000000000045920240702083517 a0010-07240000141 aBahasa Arab 6 untuk Kelas VI Madrasah Ibtidaiyah /cAgus Wahyudi0 aAgus Wahyudi acetakan ke-1 axviii, 110 hlm :bilus ;c25 cm aSolo :bTiga Serangkai,c2020 a492.7 a492.7 AGU b a978-623-269-030-1 4aBuku Teks Pelajaran aPembelajaran Bahasa Arab di madrasah bertujuan untuk mempersiapkan peserta didik yang memiliki kemampuan menggunakan bahasa Arab sebagai alat komunikasi global dan alat mendalami agama dari sumber otentik yang berbahasa Arab. Buku Bahasa Arab untuk Madrasah Ibtidaiyah hadir untuk mewujudkan tujuan tersebut. Dalam rangka menyajikan sumber pembelajaran yang lebih memadai dan terkini, materi disusun berdasarkan Kompetensi Inti dan Kompetensi Dasar terbaru, yaitu Keputusan Menteri Agama Nomor 183 Tahun 2019 (??? 183). Dalam usaha menjadikan pembelajaran lebih menarik, penyajian dalam buku ini terdiri atas empat komponen pokok kompetensi (maharat), yaitu istima (mendengar), kalam (berbicara). qira ah (membaca), dan kitabah (menulis). Disajikan dengan bahasa sederhana dan mudah dipahami, buku juga dilengkapi dengan fitur mufradat (kosakata), qawa id (tata bahasa), digital learning dalam bentuk QR Code, dan juga soal HOTS. Dengan fitur kekinian, bahasa yang komunikatif dan mudah dipahami, serta pengalaman penu lis dalam bidangnya, menjadikan buku ini layak dipilih sebagai salah satu sarana pencetak peserta didik yang mahir berbahasa Arab.